000
00284nam a2200109Ia 4500
008
190914s9999||||xx |||||||||||||| ||und||
100
_a
Earley, Mark W.
245
0
_a
NEC 199 National Electrical Code Handbook
260
_a
London
_b
World Scientific
_c
2002
300
_a
936
942
_c
BK
999
_c
8552
_d
8552